Statistics for World Capitals Closest to New Delhi

Click here to take the quiz!

General Stats

  • This quiz has been taken 1,102 times
    (513 since last reset)
  • The average score is 13 of 20

Answer Stats

kmcapitalmiles% Correct
689Islamabad428
98%
802Kathmandu498
93%
1006Kabul625
87%
1420Dhaka882
84%
2546Tehran1582
80%
2438Colombo1515
78%
2556Astana1588
67%
1582Tashkent983
66%
2751Malé1710
65%
2319Abu Dhabi1441
62%
1601Bishkek995
61%
1946Muscat1209
59%
2571Doha1598
58%
1226Thimphu762
57%
2841Kuwait City1765
55%
2032Ashgabat1263
55%
1350Dushanbe839
55%
2640Manama1641
51%
2815Baku1749
45%
2153Naypyidaw1338
40%

Score Distribution

Percentile by Number Answered

Percent of People with Each Score

Your Score History

You have not taken this quiz since the last reset